Os Maias e os Astecas (Registo nº 4102)

Detalhes MARC
000 -Etiqueta do registo
Cabeçalho 00821cam a2200277 4500
005 - Identificador da versão
Campo de controlo 20240813122052.0
095 ## -
-- PTBN00108564
021 ## - Número do Depósito Legal
Código do país PT
Número 13659/86
100 ## - Dados gerais de processamento
Dados gerais de processamento 19870915d1986 cd y0pory5003 ba
102 ## - Pais de publicação ou produção
País de publicação Portugal
101 1# - Língua de publicação
Língua do texto, banda sonora, etc. Português
Língua do documento no original Francês
215 ## - Descrição física 
Indicação específica da natureza do documento e extensão da espécie 150 p.
Outras indicações físicas il.
Dimensões 19 cm
200 1# - Titulo e menção de responsabilidade
Título próprio Os Maias e os Astecas
Primeira menção de responsabilidade texto Éric Taladoire
Outras menções de responsabilidade il. François Davot
225 1# - Colecção 
Título próprio da colecção Vida no passado
Indicação de volume 5
210 ## - Publicação, Distribuição, etc. 
Lugar da edição, distribuição, etc. Lisboa
Nome do editor, distribuidor, etc. Verbo
Data da publicação, distribuição, etc. D.L. 1986
304 ## - Notas relativas a título e menção de responsabilidade 
Texto da nota Tít. orig. La vie quotidienne des Mayas et des Aztéques
675 ## - Classificação Decimal Universal (CDU)
Notação 087.5
Edição med
Língua da edição por
Notação 930.8(=97)
Edição med
Língua da edição por
702 #1 - Nome de autor-pessoa física (responsabilidade secundária)
Número de registo de entrada de autoridade 0000698
Palavra de ordem Davot
Outra parte do nome não tomada para palavra de ordem François
Código de função Ilustrador / Técnico de desenho computorizado
Número de registo de entrada de autoridade 0000699
Palavra de ordem Faria
Outra parte do nome não tomada para palavra de ordem Maria João Leal de
Código de função Tradutor
700 #1 - Nome de autor-pessoa física (responsabilidade principal)
Número de registo de entrada de autoridade 0000697
Palavra de ordem Taladoire
Outra parte do nome não tomada para palavra de ordem Éric
942 ## - Elementos de entrada adicionados (Koha)
Tipo de item no Koha Livro
Exemplares
Situação do levantamento Origin of item (home branch) (coded) Biblioteca de empréstimo Código de barras Cota Circulation type (not for loan) Tipo de documento Nota do exemplar Damaged status
  Biblioteca Escolar das Vendas Biblioteca Escolar das Vendas BEV853 9UNI TAL   Livro Sem mensagem